000 00650nam a22002057a 4500
999 _c13314
_d13314
003 AR-CdUCM
008 190411b ||||| |||| 00| 0 spa d
040 _aMUNICIPALIDAD PROVINCIAL DEL CUSCO
_cBIBLIOTECA MUNICIPAL DEL CUSCO
082 _a868.6 /
_bJ24 / 1957
100 _aJardiel Poncela, Enrique
_9761
245 _aLa "tournée" de Dios :
_bnovela casi divina /
260 _aMéxico D. F. :
_bLatino Americana,
_c1957.
300 _a319 páginas ;
_bilustraciones,
_c19 cm.
505 _aContenido: Novela.
650 _aNovela
_95
650 _aSiglo XX
_98
650 _aLiteratura
_983
942 _2ddc
_cLIBROS
945 _aachl
_d2019-04-11